| 000 | 00490nam a2200133Ia 4500 | ||
|---|---|---|---|
| 008 | 170221s9999 xx 000 0 und d | ||
| 100 | _aLaw, Monica L. | ||
| 245 | 3 | _aAn empirical investigation: Best practices within error reporting systems in acute care hospitals in Pennsylvania | |
| 245 | _cMonica L. Law, Marywood University. | ||
| 260 | _bJournal of Management and Marketing Research | ||
| 260 | _c2015 | ||
| 650 | _xBusiness | ||
| 856 | _uhttp://www.aabri.com/manuscripts/141790.pdf | ||
| 999 |
_c309318 _d309318 |
||